IFM Opac

Introducing Money (Record no. 22172)

MARC details
000 -LEADER
fixed length control field 00272nam a22001217a 4500
020 ## - INTERNATIONAL STANDARD BOOK NUMBER
ISBN 978-0-415-53988-3
082 ## - DEWEY DECIMAL CLASSIFICATION NUMBER
Classification number 332.4
100 ## - MAIN ENTRY--AUTHOR NAME
Personal name Peacock, Mark
245 ## - TITLE STATEMENT
Title Introducing Money
260 ## - PUBLICATION, DISTRIBUTION, ETC. (IMPRINT)
Place of publication New York:
Name of publisher Routledge,
Year of publication 2013
300 ## - PHYSICAL DESCRIPTION
Number of Pages xii, 212p.: 23cm
942 ## - ADDED ENTRY ELEMENTS (KOHA)
Koha item type Books
Holdings
Withdrawn status Lost status Damaged status Not for loan Collection code Permanent Location Current Location Shelving location Date acquired Source of acquisition Full call number Accession Number Price effective from Koha item type
        Non-fiction IFM Main Campus Library IFM Main Campus Library Work Room processing 01/16/2026 Purchased 332.4 PEA 0000023548 01/16/2026 Books
        Non-fiction IFM Main Campus Library IFM Main Campus Library Work Room processing 01/16/2026 Purchased 332.4 PEA 0000023549 01/16/2026 Books